| 000 | 00562nam a22002057a 4500 | ||
|---|---|---|---|
| 003 | OSt | ||
| 005 | 20140310182824.0 | ||
| 008 | 130525t xxu||||| |||| 00| 0 eng d | ||
| 020 | _a07225402116 | ||
| 050 |
_aBJ 1533 _b.L744 2000 |
||
| 082 |
_aM 155.2 _bL64 2000 |
||
| 245 |
_aSuper confidence _bsimple steps to build self-assurance _cLindenfield, Gael |
||
| 260 |
_aLondon : _bThorsons, _c2000 |
||
| 300 |
_ax, 182 p. : _bcol. ; _c19 cm. |
||
| 521 | _a1210L-1700L | ||
| 526 | _ccollege students | ||
| 541 | _j1 | ||
| 562 | _e1 | ||
| 942 |
_2lcc _cBK _kM |
||
| 999 |
_c16460 _d16460 |
||